| 000 | 01362cam a22003977a 4500 | ||
|---|---|---|---|
| 001 | 12506351 | ||
| 003 | OSt | ||
| 005 | 20140310181910.0 | ||
| 008 | 010817s2001 nyua 001 0 eng | ||
| 010 | _a 2001273417 | ||
| 020 | _a0789472929 | ||
| 035 | _a(OCoLC)ocm47109459 | ||
| 040 |
_aIOU _cIOU _dDLC |
||
| 042 | _alccopycat | ||
| 050 | 0 | 0 |
_aTK 7887 _b.W337 2001 |
| 082 | 0 | 0 |
_aTR 004.02E _221 _bW33 2001 |
| 100 | 1 |
_aWatson, John, _d1946 Apr. 5- |
|
| 245 | 1 | 0 |
_aMaintaining your PC / _cJohn Watson. |
| 250 | _a1st American ed. | ||
| 260 |
_aNew York : _bDorling Kindersley, _cc2001. |
||
| 300 |
_a72 p. : _bcol. ill. ; _c18 cm. |
||
| 440 | 0 |
_aEssential computers. _pGood practice |
|
| 500 | _aIncludes index. | ||
| 500 | _a"A Dorling Kindersley book." | ||
| 521 | _aFaculty | ||
| 541 | _j1 | ||
| 562 | _e1 | ||
| 630 | 0 | 0 | _aNorton SystemWorks. |
| 650 | 0 |
_aMicrocomputers _xMaintenance and repair. |
|
| 650 | 0 | _aUtilities (Computer programs) | |
| 856 | 4 | 2 |
_3Contributor biographical information _uhttp://www.loc.gov/catdir/enhancements/fy0721/2001273417-b.html |
| 856 | 4 | 2 |
_3Publisher description _uhttp://www.loc.gov/catdir/enhancements/fy0721/2001273417-d.html |
| 906 |
_a7 _bcbc _ccopycat _d2 _encip _f20 _gy-gencatlg |
||
| 942 |
_2lcc _cBK-TR _kTR |
||
| 999 |
_c6484 _d6484 |
||